[Event "GER-ch Seniors"]
[Site "Dresden"]
[Date "2012.08.15"]
[Round "7"]
[White "Schoerghuber, Kurt"]
[Black "Fritsch, Juergen"]
[Result "0-1"]
[WhiteElo "1856"]
[BlackElo "1953"]
[PlyCount "43"]
[EventDate "2012.08.09"]
[EventType "swiss"]
[EventRounds "9"]
[EventCountry "GER"]
[SourceTitle "EXT 2014"]
[Source "ChessBase"]
[SourceDate "2013.11.20"]
[SourceVersion "1"]
[SourceVersionDate "2013.11.20"]
[SourceQuality "1"]

1. e4 e5 2. f4 Bc5 3. Nf3 d6 4. a4 Nf6 5. d3 0-0 6. c3 a6 7. d4 exd4 8. cxd4 Bb4+ 9. Bd2 Nc6 10. Bd3 Bg4 11. Bc3 a5 12. Bxb4 axb4 13. e5 Nd5 14. h3 Bd7 15. h4 Nxf4 16. g3 Nxd3+ 17. Qxd3 dxe5 18. dxe5 h6 19. Qe3 Be6 20. Nbd2 Qe7 21. Nd4 Bd5 22. N2f3 0-1

[Event "GER-ch Seniors"]
[Site "Dresden"]
[Date "2012.08.11"]
[Round "3"]
[White "Schoerghuber, Kurt"]
[Black "Opitz, Frank"]
[Result "0-1"]
[WhiteElo "1856"]
[BlackElo "1954"]
[PlyCount "52"]
[EventDate "2012.08.09"]
[EventType "swiss"]
[EventRounds "9"]
[EventCountry "GER"]
[SourceTitle "EXT 2014"]
[Source "ChessBase"]
[SourceDate "2013.11.20"]
[SourceVersion "1"]
[SourceVersionDate "2013.11.20"]
[SourceQuality "1"]

1. e4 d5 2. exd5 Qxd5 3. Nc3 Qd8 4. d4 Nf6 5. Nf3 Bg4 6. Be3 c6 7. Be2 e6 8. Qd2 Bb4 9. Rc1 Ne4 10. Qd3 Bf5 11. Qc4 Qa5 12. Bd2 Nxd2 13. Nxd2 Nd7 14. 0-0 Nb6 15. Qb3 Bxc3 16. bxc3 0-0 17. Rfd1 Nd5 18. Nb1 Nf4 19. Rd2 Be4 20. f3 Qg5 21. Bd1 Bg6 22. c4 b6 23. Qc3 Nxg2 24. Kf2 Nf4 25. Be2 Nh3+ 26. Ke1 Qh4+ 0-1

[Event "GER-ch Seniors"]
[Site "Dresden"]
[Date "2012.08.09"]
[Round "1"]
[White "Schoerghuber, Kurt"]
[Black "Wiemer, Juergen"]
[Result "0-1"]
[WhiteElo "1856"]
[BlackElo "2075"]
[PlyCount "52"]
[EventDate "2012.08.09"]
[EventType "swiss"]
[EventRounds "9"]
[EventCountry "GER"]
[SourceTitle "EXT 2014"]
[Source "ChessBase"]
[SourceDate "2013.11.20"]
[SourceVersion "1"]
[SourceVersionDate "2013.11.20"]
[SourceQuality "1"]

1. e4 e5 2. f4 exf4 3. Nf3 g5 4. Bc4 Bg7 5. c3 h6 6. d4 d6 7. 0-0 Nc6 8. b4 Nf6 9. Qb3 0-0 10. Nbd2 Ng4 11. Re1 Ne3 12. Nf1 Nxc4 13. Qxc4 Ne7 14. Qb3 Ng6 15. Bb2 g4 16. N3d2 Be6 17. c4 Bd7 18. Rad1 Qg5 19. d5 Ne5 20. Re2 h5 21. c5 Bb5 22. Rf2 Rae8 23. a4 Bd7 24. Qc2 h4 25. Nc4 g3 26. Nxe5 gxf2+ 0-1

[Event "Liechtenstein Seniors op 08th"]
[Site "Triesen"]
[Date "2008.04.25"]
[Round "1"]
[White "Schoerghuber, Kurt"]
[Black "Schmid, Wolfgang"]
[Result "0-1"]
[WhiteElo "1845"]
[BlackElo "2253"]
[PlyCount "78"]
[EventDate "2008.04.25"]
[EventType "swiss"]
[EventRounds "9"]
[EventCountry "LIE"]
[SourceTitle "CBM 124 Extra"]
[Source "ChessBase"]
[SourceDate "2008.07.03"]
[SourceVersion "1"]
[SourceVersionDate "2008.07.03"]
[SourceQuality "1"]

1. e4 d5 2. exd5 Qxd5 3. Nf3 Nf6 4. d4 Bg4 5. Be2 e6 6. Bf4 c6 7. 0-0 Be7 8. Nbd2 0-0 9. h3 Bh5 10. c4 Qd8 11. Qb3 Qb6 12. Rad1 Nbd7 13. Rfe1 Rac8 14. g4 Bg6 15. c5 Qxb3 16. Nxb3 Nd5 17. Bg3 Bd8 18. Bc4 Bc7 19. Kg2 Rfd8 20. h4 N7f6 21. Nh2 Rd7 22. g5 Nh5 23. Bxc7 Rcxc7 24. Ng4 Rd8 25. Ne5 Bc2 26. Rd2 Bxb3 27. Bxb3 Nhf4+ 28. Kf3 Ng6 29. Nxg6 hxg6 30. Ke4 Ne7 31. Bd1 Rcd7 32. Bg4 Nd5 33. a3 a5 34. Rd3 Kf8 35. f4 Ke7 36. h5 gxh5 37. Bxh5 Nc7 38. a4 Na6 39. Rh1 Nxc5+ 0-1

[Event "Liechtenstein Seniors op 07th"]
[Site "Triesen"]
[Date "2007.05.18"]
[Round "8"]
[White "Baumann, Kurt2222"]
[Black "Schoerghuber, Kurt"]
[Result "1-0"]
[WhiteElo "2066"]
[BlackElo "1875"]
[PlyCount "127"]
[EventDate "2007.05.11"]
[EventType "swiss"]
[EventRounds "9"]
[EventCountry "LIE"]
[SourceTitle "EXT 2010"]
[Source "ChessBase"]
[SourceDate "2010.11.25"]
[SourceVersion "1"]
[SourceVersionDate "2010.11.25"]
[SourceQuality "1"]

1. Nf3 d5 2. c4 e6 3. g3 c6 4. Qc2 f5 5. Bg2 Bd6 6. d4 Nd7 7. 0-0 Ngf6 8. Nbd2 0-0 9. b3 Ne4 10. Bb2 Qf6 11. e3 Rf7 12. Rad1 Nf8 13. Ne5 Rc7 14. f3 Nxd2 15. Rxd2 Bxe5 16. dxe5 Qe7 17. e4 dxc4 18. Qxc4 fxe4 19. Qxe4 Bd7 20. Rfd1 Be8 21. Qc4 Rd7 22. Rd6 Rad8 23. Ba3 Qg5 24. f4 Qf5 25. Bf3 Bf7 26. g4 Qg6 27. h3 Qh6 28. Kg2 g5 29. Bc1 Qg7 30. Rxd7 Nxd7 31. Rd6 gxf4 32. Bxf4 Kf8 33. h4 Ke8 34. Qe4 Bg8 35. g5 Qe7 36. Bh5+ Bf7 37. Qf3 Bxh5 38. Qxh5+ Qf7 39. Rxe6+ Kf8 40. Qxf7+ Kxf7 41. Rd6 Ke8 42. Kf3 Nf8 43. h5 Rxd6 44. exd6 Kd7 45. Ke4 Ke6 46. b4 b5 47. a3 Nd7 48. Bg3 a6 49. Bf4 Nb6 50. g6 hxg6 51. h6 Nd7 52. Bg3 Kf6 53. Bf4 g5 54. h7 Kg7 55. Bxg5 Kxh7 56. Kf5 Kg7 57. Ke6 Nf8+ 58. Ke7 Ng6+ 59. Ke8 Ne5 60. d7 Nxd7 61. Kxd7 Kg6 62. Be3 Kf5 63. Kxc6 Ke4 64. Bc5 1-0

[Event "EU-ch Seniors 06th"]
[Site "Davos"]
[Date "2006.08.09"]
[Round "5"]
[White "Thomi, Roesy"]
[Black "Schoerghuber, Kurt"]
[Result "1-0"]
[WhiteElo "1590"]
[BlackElo "1901"]
[PlyCount "67"]
[EventDate "2006.08.05"]
[EventType "swiss"]
[EventRounds "9"]
[EventCountry "SUI"]
[SourceTitle "CBM 113 Extra"]
[Source "ChessBase"]
[SourceDate "2006.09.14"]
[SourceVersion "1"]
[SourceVersionDate "2006.09.14"]
[SourceQuality "1"]

1. d4 d5 2. Nf3 e6 3. e3 c6 4. Nbd2 f5 5. c4 Bd6 6. g3 Qf6 7. Bg2 Ne7 8. 0-0 h5 9. cxd5 exd5 10. Nb3 Nd7 11. h4 Ng8 12. Ng5 Nf8 13. Nc5 g6 14. Qa4 Ne7 15. Bd2 Nh7 16. Nxh7 Rxh7 17. b4 Bxc5 18. bxc5 g5 19. hxg5 Qxg5 20. Qc2 Qg4 21. Qd1 Qg6 22. Qf3 Qe6 23. Rad1 Ng6 24. Kh1 h4 25. gxh4 Nxh4 26. Qg3 Qf6 27. Qg8+ Qf8 28. Qxh7 Nxg2 29. Qg6+ Ke7 30. Qd6+ Kf7 31. Qxf8+ Kxf8 32. Kxg2 Be6 33. Rh1 Kg7 34. Rdg1 1-0

[Event "EU-ch Seniors 06th"]
[Site "Davos"]
[Date "2006.08.07"]
[Round "3"]
[White "Schoerghuber, Kurt"]
[Black "Beliaeva, Natalia"]
[Result "0-1"]
[WhiteElo "1901"]
[BlackElo "2078"]
[PlyCount "62"]
[EventDate "2006.08.05"]
[EventType "swiss"]
[EventRounds "9"]
[EventCountry "SUI"]
[SourceTitle "CBM 113 Extra"]
[Source "ChessBase"]
[SourceDate "2006.09.14"]
[SourceVersion "1"]
[SourceVersionDate "2006.09.14"]
[SourceQuality "1"]

1. e4 c6 2. d4 d6 3. Bd3 e5 4. c3 Nf6 5. Ne2 Be7 6. 0-0 Bg4 7. h3 Bh5 8. Qc2 Nbd7 9. f4 Bxe2 10. Qxe2 Qc7 11. Na3 0-0 12. Nc4 b5 13. Nxd6 Bxd6 14. fxe5 Nxe5 15. dxe5 Bxe5 16. Bg5 Kh8 17. Bxf6 Bxf6 18. Rf5 Be5 19. Raf1 g6 20. R5f3 Rad8 21. Bc2 Rd6 22. Bb3 f6 23. Kh1 Rfd8 24. Rd1 Qd7 25. Rxd6 Qxd6 26. g4 Qd2 27. Rf2 Qg5 28. Qf3 Kg7 29. Kg2 h5 30. Bd1 hxg4 31. Qxg4 Qxg4+ 0-1

[Event "Liechtenstein Seniors op 06th"]
[Site "Triesen"]
[Date "2006.05.19"]
[Round "1"]
[White "Klovans, Janis"]
[Black "Schoerghuber, Kurt"]
[Result "1-0"]
[WhiteElo "2433"]
[BlackElo "1911"]
[PlyCount "35"]
[EventDate "2006.05.19"]
[EventType "swiss"]
[EventRounds "9"]
[EventCountry "LIE"]
[SourceTitle "CBM 112 Extra"]
[Source "ChessBase"]
[SourceDate "2006.07.14"]
[SourceVersion "1"]
[SourceVersionDate "2006.07.14"]
[SourceQuality "1"]

1. e4 e5 2. Nf3 Nf6 3. d4 Nxe4 4. Bd3 d5 5. Nxe5 Nd7 6. Nxd7 Bxd7 7. 0-0 Bd6 8. Nc3 Nf6 9. Re1+ Be6 10. Nb5 Ng4 11. Qxg4 h5 12. Qxg7 Bxh2+ 13. Kxh2 Qh4+ 14. Kg1 0-0-0 15. Rxe6 Rhg8 16. Qxf7 Rxg2+ 17. Kxg2 Qg4+ 18. Kf1 1-0

[Event "Bad Griesbach Seniors op 08th"]
[Site "Bad Griesbach"]
[Date "2005.12.08"]
[Round "5"]
[White "Jakubowski, Karl"]
[Black "Schoerghuber, Kurt"]
[Result "1/2-1/2"]
[WhiteElo "1367"]
[BlackElo "1614"]
[PlyCount "45"]
[EventDate "2005.12.04"]
[EventType "swiss"]
[EventRounds "9"]
[EventCountry "GER"]
[SourceTitle "EXT 2015"]
[Source "ChessBase"]
[SourceDate "2014.11.20"]
[SourceVersion "1"]
[SourceVersionDate "2014.11.20"]
[SourceQuality "1"]

1. c4 e6 2. d4 d5 3. c5 b6 4. b4 f5 5. Nf3 Qf6 6. Nc3 a6 7. Bf4 bxc5 8. bxc5 Bxc5 9. Be5 Qe7 10. dxc5 Nd7 11. e3 Ngf6 12. Bxf6 Nxf6 13. Qa4+ Nd7 14. c6 Nb6 15. Qd4 0-0 16. Be2 Qd6 17. 0-0 Qxc6 18. Rac1 Qd6 19. Qe5 Qxe5 20. Nxe5 c5 21. Bf3 Rb8 22. Rb1 Nd7 23. Nxd7 1/2-1/2

[Event "Bad Griesbach Seniors op 08th"]
[Site "Bad Griesbach"]
[Date "2005.12.04"]
[Round "1"]
[White "Bock, Ortwin"]
[Black "Schoerghuber, Kurt"]
[Result "1-0"]
[WhiteElo "1904"]
[BlackElo "1614"]
[PlyCount "59"]
[EventDate "2005.12.04"]
[EventType "swiss"]
[EventRounds "9"]
[EventCountry "GER"]
[SourceTitle "EXT 2015"]
[Source "ChessBase"]
[SourceDate "2014.11.20"]
[SourceVersion "1"]
[SourceVersionDate "2014.11.20"]
[SourceQuality "1"]

1. Nc3 d5 2. e4 d4 3. Nce2 e5 4. Ng3 c5 5. Nf3 Nc6 6. Bb5 Qd6 7. Bxc6+ bxc6 8. d3 Be7 9. Qe2 Ba6 10. b3 g6 11. h4 Bc8 12. Nd2 Bf8 13. Nc4 Qc7 14. h5 Be6 15. 0-0 0-0-0 16. Bd2 Bxc4 17. bxc4 Qe7 18. Qg4+ Qd7 19. Qxd7+ Rxd7 20. Rab1 Bh6 21. Bxh6 Nxh6 22. Rb3 Rb7 23. f4 Ng4 24. fxe5 Nxe5 25. Rf6 Rc7 26. Rf4 Rg8 27. a4 gxh5 28. Nxh5 Ng4 29. Nf6 Ne3 30. Nxg8 1-0

[Event "Bergisch Gladbach-ch"]
[Site "Bergisch Gladbach"]
[Date "2005.09.02"]
[Round "2"]
[White "Aslan, Nesimi"]
[Black "Schoerghuber, Kurt"]
[Result "0-1"]
[WhiteElo "1346"]
[BlackElo "1730"]
[PlyCount "142"]
[EventDate "2005.08.26"]
[EventType "swiss"]
[EventRounds "7"]
[EventCountry "GER"]
[SourceTitle "CBM 108 Extra"]
[Source "ChessBase"]
[SourceDate "2005.11.04"]
[SourceVersion "1"]
[SourceVersionDate "2005.11.04"]
[SourceQuality "1"]

1. e4 e5 2. Nf3 Nf6 3. Nc3 Nc6 4. Bb5 Bc5 5. 0-0 d6 6. d3 0-0 7. Bg5 Be6 8. h3 a6 9. Bxc6 bxc6 10. a3 Qe7 11. b4 Ba7 12. Ne2 h6 13. Bh4 Kh8 14. Qd2 Rg8 15. Bg3 Nh5 16. c3 Raf8 17. d4 f6 18. Nh4 Qf7 19. Rad1 g5 20. Nf5 Bxf5 21. exf5 Qh7 22. Qd3 Nf4 23. Qxa6 Nxe2+ 24. Qxe2 Qxf5 25. Qa6 g4 26. h4 Ra8 27. Qxc6 exd4 28. cxd4 Qc8 29. a4 Rb8 30. b5 Rb6 31. Qe4 Qd7 32. d5 Rbb8 33. Qe6 Qxe6 34. dxe6 Rge8 35. Rfe1 Re7 36. Re2 Bb6 37. h5 Ra8 38. Ra1 Bd4 39. Raa2 Be5 40. Bh4 Rxe6 41. Rec2 d5 42. Re2 Kg7 43. Bg3 Kf7 44. Bxe5 fxe5 45. a5 Ke7 46. a6 Kd6 47. Rac2 Kd7 48. Rc5 Kd6 49. Rec2 Ra7 50. Rc6+ Kd7 51. Rxe6 Kxe6 52. Rc6+ Kf5 53. Rxh6 c5 54. Rb6 c4 55. Rc6 Ke4 56. Kf1 Kd3 57. Ke1 e4 58. Kd1 d4 59. h6 c3 60. Ke1 Kc2 61. g3 d3 62. Rd6 Rh7 63. b6 Rxh6 64. Rxh6 d2+ 65. Kf1 d1Q+ 66. Kg2 Qf3+ 67. Kg1 e3 68. b7 exf2+ 69. Kf1 Qxg3 70. Rh1 Kd2 71. a7 c2 0-1

[Event "Bad Griesbach Seniors op 7th"]
[Site "Bad Griesbach"]
[Date "2004.12.11"]
[Round "7"]
[White "Moesche, Karl Heinz"]
[Black "Schoerghuber, Kurt"]
[Result "1-0"]
[WhiteElo "1637"]
[BlackElo "1672"]
[PlyCount "79"]
[EventDate "2004.12.05"]
[EventType "swiss"]
[EventRounds "7"]
[EventCountry "GER"]
[SourceTitle "EXT 2006"]
[Source "ChessBase"]
[SourceDate "2005.11.24"]
[SourceVersion "1"]
[SourceVersionDate "2005.11.24"]
[SourceQuality "1"]

1. c4 e6 2. Nc3 d5 3. cxd5 exd5 4. d4 c6 5. Qc2 f5 6. Nf3 Bd6 7. Bg5 Nf6 8. e3 h6 9. Bxf6 Qxf6 10. h4 a5 11. Bd3 0-0 12. 0-0-0 b5 13. h5 a4 14. Nh4 Rf7 15. Nxd5 Qd8 16. Nc3 Na6 17. a3 Be6 18. Qb1 b4 19. axb4 Nxb4 20. Bxf5 Bxf5 21. Nxf5 a3 22. bxa3 Rxa3 23. Kd2 Qf6 24. g4 c5 25. Ne4 Qe6 26. Nexd6 cxd4 27. Qxb4 dxe3+ 28. fxe3 Rxe3 29. Qc4 Rxf5 30. Qxe6+ Rxe6 31. gxf5 Rxd6+ 32. Ke2 Rf6 33. Rhf1 Ra6 34. Rd3 Ra7 35. Ke3 Kf7 36. Rd6 Ke7 37. Rfd1 Rb7 38. R1d3 Ra7 39. R3d4 Rb7 40. Ke4 1-0

[Event "Liechtenstein Seniors op 04th"]
[Site "Triesen"]
[Date "2004.??.??"]
[Round "2"]
[White "Schoerghuber, Kurt"]
[Black "Bucher, Rolf"]
[Result "0-1"]
[WhiteElo "1956"]
[BlackElo "2082"]
[PlyCount "58"]
[EventDate "2004.05.14"]
[EventType "swiss"]
[EventRounds "9"]
[EventCountry "LIE"]
[SourceTitle "EXT 2005"]
[Source "ChessBase"]
[SourceDate "2004.11.15"]
[SourceVersion "1"]
[SourceVersionDate "2004.11.15"]
[SourceQuality "1"]

1. e4 d6 2. d4 Nf6 3. Bd3 g6 4. Ne2 Bg7 5. 0-0 0-0 6. c3 Nbd7 7. f4 e5 8. f5 d5 9. Bg5 Qe8 10. fxg6 Nxe4 11. gxh7+ Kh8 12. Bxe4 dxe4 13. Ng3 f6 14. Be3 exd4 15. Bxd4 Ne5 16. Nxe4 Bg4 17. Qe1 Qh5 18. Nbd2 Rae8 19. h3 Bc8 20. Qg3 Qxh7 21. Nxf6 Rxf6 22. Rxf6 Bxf6 23. Nc4 Qg7 24. Qf4 Bxh3 25. Qxf6 Qxf6 26. Re1 Nf3+ 27. gxf3 Qxd4+ 28. cxd4 Rxe1+ 29. Kh2 Be6 0-1

[Event "Wch Seniors 13th"]
[Site "Bad Zwischenahn"]
[Date "2003.??.??"]
[Round "?"]
[White "Oser, Thor"]
[Black "Schoerghuber, Kurt"]
[Result "1/2-1/2"]
[WhiteElo "1720"]
[BlackElo "1700"]
[PlyCount "30"]
[EventDate "2003.11.16"]
[EventType "swiss"]
[EventRounds "11"]
[EventCountry "GER"]
[SourceTitle "CBM 097 Extra"]
[Source "ChessBase"]
[SourceDate "2004.01.13"]
[SourceVersion "1"]
[SourceVersionDate "2004.01.13"]
[SourceQuality "1"]

1. e4 c6 2. g3 d5 3. Nc3 d4 4. Nce2 e5 5. h3 Bd6 6. Bg2 Ne7 7. d3 0-0 8. g4 Ng6 9. Nf3 Nh4 10. Nxh4 Qxh4 11. Ng3 g6 12. 0-0 c5 13. Qd2 Qe7 14. Qh6 Be6 15. Ne2 f6 1/2-1/2

[Event "Wch Seniors 13th"]
[Site "Bad Zwischenahn"]
[Date "2003.??.??"]
[Round "?"]
[White "Schoerghuber, Kurt"]
[Black "Aigner, Georg"]
[Result "1-0"]
[WhiteElo "1700"]
[BlackElo "1805"]
[PlyCount "29"]
[EventDate "2003.11.16"]
[EventType "swiss"]
[EventRounds "11"]
[EventCountry "GER"]
[SourceTitle "CBM 097 Extra"]
[Source "ChessBase"]
[SourceDate "2004.01.13"]
[SourceVersion "1"]
[SourceVersionDate "2004.01.13"]
[SourceQuality "1"]

1. e4 e5 2. f4 d6 3. Nf3 Nd7 4. Bc4 Be7 5. 0-0 Ngf6 6. c3 Nb6 7. fxe5 dxe5 8. Nxe5 0-0 9. Bxf7+ Kh8 10. Bb3 Qe8 11. d4 h6 12. Qd3 Nfd7 13. Nf7+ Kh7 14. e5+ g6 15. Nxh6 1-0

[Event "Bad Griesbach Seniors op 5th"]
[Site "Bad Griesbach"]
[Date "2002.11.27"]
[Round "7"]
[White "Schoerghuber, Kurt"]
[Black "Jurgan, Brigitte"]
[Result "1-0"]
[WhiteElo "1643"]
[BlackElo "1076"]
[PlyCount "49"]
[EventDate "2002.11.24"]
[EventType "swiss"]
[EventRounds "7"]
[EventCountry "GER"]
[SourceTitle "EXT 2006"]
[Source "ChessBase"]
[SourceDate "2005.11.24"]
[SourceVersion "1"]
[SourceVersionDate "2005.11.24"]
[SourceQuality "1"]

1. e4 e5 2. f4 d6 3. Nf3 Nf6 4. Nc3 Be6 5. d4 exd4 6. Qxd4 Nc6 7. Bb5 Bd7 8. Qf2 Be7 9. b3 0-0 10. Bb2 Ng4 11. Qe2 Re8 12. 0-0-0 Bf6 13. h3 Bxc3 14. Bxc3 Nf6 15. Bd3 d5 16. e5 Nh5 17. Bxh7+ Kxh7 18. Ng5+ Kg8 19. Qxh5 Bf5 20. Qxf7+ Kh8 21. Qxf5 Kg8 22. e6 d4 23. Qh7+ Kf8 24. Qh8+ Ke7 25. Qxg7+ 1-0